000
00183 a2200097 4500
020
_a
9684166788
041
_a
spa
100
_a
Hernandez, Jose
245
_a
Martin fierro
942
_c
BK
999
_c
30382
_d
30380